000 00630nam a2200193Ia 4500
003 GCL
008 140319s9999 xx 000 0 ara d
040 _aGCL /
_cGCL
082 0 4 _a813.009
_bع ر
100 1 _aعصام بهى
245 1 0 _aالرحلة الى الغرب فى الرواية العربية الحديثة /
_cعصام بهى
260 _a[S.N] :
_bالهيئة المصرية العامة للكتاب ،
_c1991
300 _a238 ص
490 _aدراسات ادبية
_v0
650 0 4 _aالادب العربى
650 0 4 _aالادب المقارن
650 0 4 _aتاريخ ونقد
942 _2ddc
_cBK
999 _c28548
_d28548